000 00463nam a2200145Ia 4500
008 100122s9999 xx 000 0 und d
082 _b40918
_a823
100 _aचिणे पुष्पा
245 _aभेटीलागी जीवा
260 _bराजंेद्र पब्लिकेशन
_c1987
300 _a271
630 _aभेटीलागी जीवा
730 _aभेटीलागी जीवा
942 _cBOOK
999 _c421701
_d421698